000 01351nem0a2200289 4500
001 RU\NLR\BIBL_A\011298136
005 20250626040959.0
035 _a(NLR Aleph) 011298136
090 _a10961054
_c10961054
100 _a20161222d1828 |||y0rusy50 ca
101 0 _arus
102 _aRU
120 _abyy xx||
123 3 _aa
_b331250000
_c4160000
200 1 _aОбщий атлас собранный и изданный К. С. А. Максимовичем
_bКарты
_eГ. Д. н. п.
206 _a[М-бы разные]
210 _aСанкт-Петербург
_d1828
215 _a1 атл. (тит. л., 23 отд. л.)
_cцв.
_d23х30 см [и др.]
300 _aГраф. м-бы в рос. верстах, нем. и прус. милях, обыкнов. англ. и фр. милях, тур. агаши, мор., пол., гол., венг., швейц., швед. милях
509 0 1 _7ca
_aЕвропа
_92633316
_3RU\NLR\auth_crt\55133
607 _aСтраны мира
_xГеографические атласы
_92606386
_3RU\NLR\AUTH\661542944
608 _aОбщегеографические атласы
_92204065
_3RU\NLR\AUTH\661324303
702 1 _aМаксимович
_bА.
_gАлександр Петрович
_4070
852 _aNLR
_bК
_j2-Евр 7/167
_m88536
942 _cMAP
980 _aNB